Chess Puzzles #1 - Statistics

General Stats
  • This quiz has been taken 96 times
  • The average score is 7 of 8
Answer Stats
Picture Answer % Correct
Qe8+
98%
Bxd5+
96%
Qa5+
96%
Rg5#
95%
Bb4
92%
Qg4+
88%
Qxf7+
84%
Rd2
74%
No matching quizzes found
Score Distribution
Percent of People with Each Score
Percentile by Number Answered
Your Score History
You have not taken this quiz